|
|
|
|
| LEADER |
00000nam a2200000 i 4500 |
| 001 |
1/25802 |
| 008 |
981209s1996 eng d |
| 020 |
|
|
|a 0-582-27567-9
|
| 035 |
|
|
|l 10037425
|
| 040 |
|
|
|a GR-MY-UA
|b gre
|e aacr
|
| 041 |
0 |
|
|a eng
|
| 082 |
0 |
|
|a 305.5
|
| 245 |
1 |
0 |
|a Conflicts about class :
|b debating inequality in late industrialism /
|c edited by David J. Lee and Bryan S. Turner
|
| 260 |
|
|
|a Essex :
|b Longman,
|c c1996
|
| 300 |
|
|
|a 307 p.
|
| 504 |
|
|
|a Includes bibliographical references and index
|
| 650 |
0 |
0 |
|a Social classes
|x Research.
|
| 700 |
0 |
|
|a Lee, David J.
|d 1938-
|4 edt
|
| 700 |
1 |
|
|a Turner, Bryan S.
|4 edt
|
| 852 |
|
|
|a INST
|b LESVOS
|e 19981209
|h 305.5 CON
|p 005100017389
|q 005100017389
|t BK
|y 0
|
| 901 |
|
|
|a BIBL-1999-1
|
| 909 |
|
|
|a Λ
|b 060734
|
| 922 |
|
|
|a 1ΕΛΗ
|b 199811
|c ΚΠΣ/ΤΚ
|d ΠΑΠΑΣΩΤΗΡΙΟΥ
|
| 950 |
|
|
|a 103-1998-07-27
|